00844nam a22001697a 450000500170000000800410001705000360005810000280009424501350012226000340025730000200029150000400031165000960035194200130044799900190046095201950047920250811114845.0250811b |||||||| |||| 00| 0 eng d aTHE LC 67.68 .T34 N93 2020bC.1 aNyanda, Lucy Fortunatas aChallenges Facing Non-Governmental Organisations in Promotion of Quality Education in Primary Schools in Musoma District, Tanzania aKisiibKisii Universityc2020 axiii, 87p.:ill. aIncludes bibliographical references a1. Education - Tanzania - Finance and policy. 2. Non-governmental organizations - Tanzania. 2lcccREF c216011d216011 00102lcc406THE L C 00067.00068 .T00034 N00093 02020708SC9372802aKSULbKSULd2025-08-11i109408l0oTHE LC 67.68 .T34 N93 2020p000000024329r2025-08-11 11:50:14tC.1w2025-08-11yREF